Random Sachen - Statistiken

Allgemein
  • Dieses Quiz wurde 520 mal gespielt
    380 seit der letzten Aktualisierung
  • Das Durchschnittsergebnis liegt bei 8 aus 10
Antwortstatistiken
Hint Antwort % Korrekt
Was davon ist eine Stadt? Thova, Bremen, Deutschland oder Baum Bremen
98%
Setze die Buchstabenreihe fort: a,b,c,d e
98%
Wie viele Fragen hat diese Quiz? 10
93%
Welche Farbe kommt raus, wenn man Rot und Blau mischt? Lila
89%
Wo kocht man, wenn man zuhause ist? Küche
88%
Nenne eine deutsche Stadt mit G Gelsenkirchen
86%
Welcher Planet im Sonnensystem ist der Massereichste? Jupiter
84%
Welche Figur aus Marvel trägt einen Hammer? Thor
84%
Was wird an Ostern gefeiert? Auferstehung Jesu
61%
Wie lautet das 16. Element im Periodensystem? Schwefel
28%
Keine übereinstimmenden Quizze gefunden
Verteilung der Resultate
Anzahl Personen mit jedem Resultat
Perzentil nach korrekt beantworteten Fragen
Ihre Resultats-Entwicklung
Sie haben dieses Quiz seit der letzten Aktualisierung nicht gespielt